000 nkm a22 a 4500
999 _c209278
_d209278
003 BLK
005 20221028171752.0
008 180412b bul rap|r|||| r0| ||bulo|
010 _aKNG00106070000
020 _a954-607-525-6
040 _aBLK
041 _aBUL
_cBUL
_hENG
080 _aХудожествено изработени тъкани, гоблени, килими и покривки
_b745.522
_x(497.2)(091)(084)
_z745.522(497.2)(091)(084)
080 _aХудожествено изработени тъкани, гоблени, килими и покривки
_b745.522
_x.071.1(497.2)(092)
_z745.522.071.1(497.2)(092)
080 _aБиографии
_b929
_x(497.2)
_z929(497.2)
139 _aИзкуството на текстила в България
_bИ 41
245 1 0 _aИзкуството на текстила в България
_cсъстав. Дима Недялкова-Каприева; състав. Лилия Радичкова-Дочева; състав. Цвета Явашева-Иванова.
246 1 1 _aThe Textile Art in Bulgaria
257 _aBGR
260 _aСофия
_bЛИК
_c2002
_fСофия : Унив. изд. Св. Кл. Охридски
300 _a197 с.
_bс ил.
_c30 см
380 _a7
500 _aОфс. изд. - Парал. текст и на англ. ез. - Кратки творчески биографии. - Именен показалец.
650 4 _aПриложно и декоративно изкуство - България
_9247366
650 4 _aХудожествена обработка на текстил - албуми
_9310305
650 4 _aХудожници, български - албуми
_9290224
653 _aтекстил
653 _aизкуство
653 _aБългария
653 _aприложни изкуства
653 _aдекоративно изкуство
653 _aхудожествени тъкани
653 _aкилими
653 _aгоблени
700 1 _aНедялкова-Каприева, Дима
_eсъстав.
_9351850
700 1 _aРадичкова-Дочева, Лилия
_eсъстав.
_9114181
700 1 _aЯвашева-Иванова, Цвета
_eсъстав.
_9145112
852 _aЦб ІІ 27105
856 4 _qpdf
_u
856 4 _qpdf
_u
942 _cGRA
_n0
_s1
_06
944 _aCR
_c01.01.2002
_kЦветанка_Енчева
944 _aED
_c27.09.2004
999 _d209278